000 00297nam a2200145Ia 4500
100 _aEysenck/ H.J.
650 _aGeneral
942 _cBK
654 _aI.Q.
245 _aKnow your own I.Q.
260 _bPenguin Books
_aEngland
_c1977
082 _a153.93
300 _a192
546 _aENGLISH
999 _c26677
_d26677